Poverty alleviation in Bangladesh : (Record no. 56454)
[ view plain ]
| 000 -LEADER | |
|---|---|
| fixed length control field | 01095nam a2200301 a 4500 |
| 001 - CONTROL NUMBER | |
| control field | 56454 |
| 003 - CONTROL NUMBER IDENTIFIER | |
| rucl marc code | BD-RjUL |
| 005 - DATE AND TIME OF LATEST TRANSACTION | |
| control field | 20211209080410.0 |
| 008 - FIXED-LENGTH DATA ELEMENTS--GENERAL INFORMATION | |
| fixed length control field | 161129s1998 bg b 000 0 eng |
| 020 ## - INTERNATIONAL STANDARD BOOK NUMBER | |
| Canceled/invalid ISBN | 9845590904 |
| Terms of availability | Tk.90.00 |
| 035 ## - SYSTEM CONTROL NUMBER | |
| System control number | (BD-RjUL)56578 |
| 040 ## - CATALOGING SOURCE | |
| Original cataloging agency | DLC |
| Transcribing agency | DLC |
| Modifying agency | BD-RjUL |
| Language of cataloging | eng |
| 041 ## - LANGUAGE CODE | |
| Language code of text/sound track or separate title | eng |
| 082 00 - DEWEY DECIMAL CLASSIFICATION NUMBER | |
| Classification number | 339.46095492 |
| Edition number | 23 |
| Author mark and year | POV 1998 |
| 245 10 - TITLE STATEMENT | |
| Title | Poverty alleviation in Bangladesh : |
| Remainder of title | coverage and nature of government and NGO programmes / |
| Statement of responsibility, etc. | Saadat Husain ... [et al.]. |
| 250 ## - EDITION STATEMENT | |
| Edition statement | 1st ed. |
| 260 ## - PUBLICATION, DISTRIBUTION, ETC. (IMPRINT) | |
| Place of publication, distribution, etc. | Comilla : |
| Name of publisher, distributor, etc. | Bangladesh Academy for Rural Development, |
| Date of publication, distribution, etc. | 1998. |
| 300 ## - PHYSICAL DESCRIPTION | |
| Pagination | vii, 98 p. ; |
| Size | 23 cm. |
| 504 ## - BIBLIOGRAPHY, ETC. NOTE | |
| Bibliography, etc | Includes bibliographical references (p. 51-52). |
| 650 #0 - SUBJECT ADDED ENTRY--TOPICAL TERM | |
| Topical term or geographic name as entry element | Non-governmental organizations |
| Geographic subdivision | Bangladesh. |
| 9 (RLIN) | 167915 |
| Topical term or geographic name as entry element | Rural development |
| Geographic subdivision | Bangladesh. |
| 9 (RLIN) | 167916 |
| Topical term or geographic name as entry element | Economic assistance, Domestic |
| Geographic subdivision | Bangladesh. |
| 9 (RLIN) | 155289 |
| Topical term or geographic name as entry element | Rural poor |
| Geographic subdivision | Bangladesh. |
| 9 (RLIN) | 116711 |
| 700 1# - ADDED ENTRY--PERSONAL NAME | |
| Personal name | Husain, Saadat. |
| 710 2# - ADDED ENTRY--CORPORATE NAME | |
| Corporate name or jurisdiction name as entry element | Bāṃlādeśa Pallī Unnaẏana Ekāḍemī. |
| 9 (RLIN) | 167918 |
| 942 ## - ADDED ENTRY ELEMENTS (KOHA) | |
| Source of classification or shelving scheme | Dewey Decimal Classification |
| Koha item type | Books |
| Lost status | Source of classification or shelving scheme | Damaged status | Not for loan | Collection code | Permanent Location | Current Location | Shelving location | Date acquired | Source of acquisition | Cost, normal purchase price | Total Checkouts | Full call number | Date last seen | Copy number | Koha item type |
|---|---|---|---|---|---|---|---|---|---|---|---|---|---|---|---|
| Dewey Decimal Classification | Non-fiction | Central Library, University of Rajshahi | Central Library, University of Rajshahi | 28/10/2007 | Comilla, Ban.poli. union ecademy | 90.00 | 339.46095492 POV 1998 | 29/11/2016 | C-2 | Books |